Advanced engineering mathematics / (Record no. 329366)

000 -LEADER
fixed length control field 02273cam a2200349 a 4500
001 - CONTROL NUMBER
control field 15878649
003 - CONTROL NUMBER IDENTIFIER
control field Nust
005 - DATE AND TIME OF LATEST TRANSACTION
control field 20170504103455.0
008 - FIXED-LENGTH DATA ELEMENTS--GENERAL INFORMATION
fixed length control field 090824s2011 maua 001 0 eng
010 ## - LIBRARY OF CONGRESS CONTROL NUMBER
LC control number 2009032653
020 ## - INTERNATIONAL STANDARD BOOK NUMBER
International Standard Book Number 9780763779665 (hbk.)
020 ## - INTERNATIONAL STANDARD BOOK NUMBER
International Standard Book Number 0763779660 (hbk.)
020 ## - INTERNATIONAL STANDARD BOOK NUMBER
International Standard Book Number 9780763779948 (International ed.)
020 ## - INTERNATIONAL STANDARD BOOK NUMBER
International Standard Book Number 0763779946 (International ed.)
035 ## - SYSTEM CONTROL NUMBER
System control number (OCoLC)ocn428024513
040 ## - CATALOGING SOURCE
Original cataloging agency DLC
Transcribing agency DLC
Modifying agency BTCTA
-- C#P
-- YDXCP
-- BWX
-- CDX
-- CUS
-- Y6I
-- GA0
-- DLC
050 00 - LIBRARY OF CONGRESS CALL NUMBER
Classification number TA330
Item number .Z55 2011
082 00 - DEWEY DECIMAL CLASSIFICATION NUMBER
Classification number 510.2462 ZIL
Edition number 22
100 1# - MAIN ENTRY--PERSONAL NAME
Personal name Zill, Dennis G.,
Dates associated with a name 1940-
245 10 - TITLE STATEMENT
Title Advanced engineering mathematics /
Statement of responsibility, etc. Dennis G. Zill, Warren S. Wright, Michael R. Cullen.
250 ## - EDITION STATEMENT
Edition statement 4th ed.
260 ## - PUBLICATION, DISTRIBUTION, ETC.
Place of publication, distribution, etc. Sudbury, Mass. :
Name of publisher, distributor, etc. Jones and Bartlett Publishers,
Date of publication, distribution, etc. c2011.
300 ## - PHYSICAL DESCRIPTION
Extent 1 v. (various pagings) :
Other physical details col. ill. ;
Dimensions 29 cm. +
Accompanying material 1 CD-ROM (4 3/4 in.).
490 1# - SERIES STATEMENT
Series statement The Jones and Bartlett Publishers series in mathematics. Advanced engineering mathematics
500 ## - GENERAL NOTE
General note Includes index.
501 ## - WITH NOTE
With note P.B
505 00 - FORMATTED CONTENTS NOTE
Title Introduction to differential equations --
-- First-order differential equations --
-- Higher-order differential equations --
-- The laplace transform --
-- Series solutions of linear differential equations --
-- Numerical solutions of ordinary differential equations --
-- Vectors --
-- Matrices --
-- Vector calculus --
-- Systems of linear differential equations --
-- Systems of nonlinear differential equations --
-- Orthogonal functions and Fourier series --
-- Boundary-value problems in rectangular coordinates --
-- Boundary-value problems in other coordinate systems --
-- Integral transform method --
-- Numerical solutions of partial differentials equations --
-- Functions of a complex variable --
-- Integration in the complex plane --
-- Series and residues --
-- Conformal mappings.
650 #0 - SUBJECT ADDED ENTRY--TOPICAL TERM
Topical term or geographic name entry element Engineering mathematics.
700 1# - ADDED ENTRY--PERSONAL NAME
Personal name Wright, Warren S.
700 1# - ADDED ENTRY--PERSONAL NAME
Personal name Cullen, Michael R.
830 #0 - SERIES ADDED ENTRY--UNIFORM TITLE
Uniform title Jones and Bartlett Publishers series in mathematics.
Name of part/section of a work Advanced engineering mathematics.
906 ## - LOCAL DATA ELEMENT F, LDF (RLIN)
a 7
b cbc
c orignew
d 1
e ecip
f 20
g y-gencatlg
942 ## - ADDED ENTRY ELEMENTS (KOHA)
Source of classification or shelving scheme
Koha item type Book
Call number prefix 510.2462 ZIL
Holdings
Withdrawn status Lost status Source of classification or shelving scheme Damaged status Not for loan Collection code Permanent Location Current Location Shelving location Date acquired Total Checkouts Full call number Barcode Date last seen Price effective from Koha item type
            Institute of Environmental Science and Engineering (IESE) Institute of Environmental Science and Engineering (IESE) General Stacks 05/04/2017   510.2462 ZIL IESE-2775 05/04/2017 05/04/2017 Book
© 2023 Central Library, National University of Sciences and Technology. All Rights Reserved.